AH International Schools' Libraries

Mr. Lemoncello's Library Olympics / (Record no. 50217)

MARC details
000 -LEADER
fixed length control field 00538nam a2200145 4500
020 ## - INTERNATIONAL STANDARD BOOK NUMBER
International Standard Book Number 9780593709818
100 ## - MAIN ENTRY--PERSONAL NAME
Personal name Grabenstein, Chris.
9 (RLIN) 80616
245 ## - TITLE STATEMENT
Title Mr. Lemoncello's Library Olympics /
Statement of responsibility, etc Chris Grabenstein.
260 ## - PUBLICATION, DISTRIBUTION, ETC. (IMPRINT)
Place of publication, distribution, etc New York:
Name of publisher, distributor, etc Random House;
Date of publication, distribution, etc 2025.
300 ## - PHYSICAL DESCRIPTION
Extent 249 p.
Other physical details col. ill.
Dimensions 20 cm.
650 ## - SUBJECT ADDED ENTRY--TOPICAL TERM
Topical term or geographic name as entry element Olympics. Library Games. Importance of libraries. Teamwork.
Form subdivision Fiction.
General subdivision Graphics and Comics.
9 (RLIN) 87261
655 ## - INDEX TERM--GENRE/FORM
Genre/form data or focus term Graphics and Comics.
9 (RLIN) 84335
700 ## - ADDED ENTRY--PERSONAL NAME
Relator code Illustrator.
Personal name Douglas Holgate.
9 (RLIN) 86190
942 ## - ADDED ENTRY ELEMENTS (KOHA)
Source of classification or shelving scheme
Koha item type Books/GRAPHICS
Holdings
Withdrawn status Lost status Source of classification or shelving scheme Damaged status Not for loan Collection code Home library Current library Date acquired Total Checkouts Full call number Barcode Date last seen Date checked out Price effective from Koha item type
          SECONDARY Asian Hope Secondary Library Asian Hope Secondary Library 02/27/2026 2 J GRAPHIX GRA 210819 04/07/2026 03/31/2026 02/27/2026 Books/GRAPHICS

For any Logos Library related questions please contact Miss Art at swongnarasuk@asianhope.org.

For any Asian Hope Library related questions please contact Miss Raza at graza@asianhope.org.

Click here to explore our ebooks!

Powered by Koha